header

The end of war (Record no. 89563)

MARC details
000 -LEADER
fixed length control field 01088nam a2200277Ia 4500
100 1# - MAIN ENTRY--AUTHOR NAME
Personal name Chappell, Paul K.
245 14 - TITLE STATEMENT
Title The end of war
260 ## - PUBLICATION, DISTRIBUTION, ETC. (IMPRINT)
Place of publication Westport, CT :
Name of publisher Easton Studio Press,
Year of publication c2010.
300 ## - PHYSICAL DESCRIPTION
Number of Pages xxiv, 156 p.
650 #0 - SUBJECT ADDED ENTRY--TOPICAL TERM
Topical Term Peace.
Topical Term War
856 40 - ELECTRONIC LOCATION AND ACCESS
Uniform Resource Identifier http://site.ebrary.com/lib/rucke/Doc?id=10392037

No items available.

© 2026 Rongo University
Contact us: librarian | system librarian | Rongo university